00720nam a2200193Ia 4500008004100000020001800041040001800059041000800077100003200085245016500117250002300282260003700305300002400342504002800366650004500394650004000439650002700479650002000506130821s2012 ck gr spa  a9789586539968 aCo-BoUCMbspa00aspa1 aGómez Lee, Iván Darío13aEl derecho de la contratación pública en Colombia aspectos relevantes para determinar la responsabilidad y conocer los riesgoscIván Darío Gómez Lee. a2a ed. actualizada aBogotá (Colombia)bLegisc2012 axxii, 358 páginas aIncluye bibliografía.04aContratos administrativosxLegislación04aContratos públicosxLegislación04aDerecho administrativo04aDerecho privado